000 00777nam a2200253Ia 4500
003 OSt
005 20220923223420.0
006 a|||||r|||| 00| 0
007 ta
008 220922b |||||||| |||| 00| 0 hin d
024 _a215,034
037 _cTextual
040 _aARTS
_cARTS
_bhin
041 _2hin
_ahin
082 _aO152,3N12,KT, M2
100 _aविष्णु प्रभाकर
_9156271
245 0 _aकोई तो
246 _aKoī to
260 _aदिल्ली
_b शब्दकार प्रका0
_c1982
300 _a295 पृ.
_ccm.
650 _aहिन्दी साहित्य
_9156264
942 _hO152,3N12,KT, M2
_cTEXL
_2CC
999 _c364948
_d364948